Prešporské opevnenia

Na minha lista:
Detalhes bibliográficos
Main Authors: Hanák, Jozef (Author), Kopuncová, Barbora (Author)
Formato: Livro
Publicado em: Bratislava : Albert Marenčin - Vydavateľstvo PT, 2007
Assuntos:
Tags: Adicionar Tag
Sem tags, seja o primeiro a adicionar uma tag!

MARC

LEADER 00000nam a22000003a 4500
001 stu188221
005 20150617225603.7
008 090806s2007----------------------------d
020 |a 978-80-89218-53-0 
040 |a STU  |b slo 
041 0
100 1 |a Hanák, Jozef  |4 aut 
245 1 |a Prešporské opevnenia 
260 |a Bratislava :  |b Albert Marenčin - Vydavateľstvo PT,  |c 2007 
300 |a 164 s 
650 7 |a opevnenia  |2 stusub 
650 7 |a hradby  |2 stusub 
650 7 |a Bratislava  |2 stusub 
700 1 |a Kopuncová, Barbora  |4 aut 
996 |b 284AU04289  |c A*6694 U  |l AAKNAR  |s A  |a 24  |w stu188221_0001